Othello: (Record no. 6772)
[ view plain ]
| 000 -LEADER | |
|---|---|
| fixed length control field | 00730nam a22002297a 4500 |
| 003 - CONTROL NUMBER IDENTIFIER | |
| control field | BUBTL |
| 008 - FIXED-LENGTH DATA ELEMENTS--GENERAL INFORMATION | |
| fixed length control field | 221031b ||||| |||| 00| 0 eng d |
| 020 ## - INTERNATIONAL STANDARD BOOK NUMBER | |
| International Standard Book Number | 9780393976151 |
| 082 ## - DEWEY DECIMAL CLASSIFICATION NUMBER | |
| Classification number | 822.3'3/ Sh152o/ 2004 |
| 100 ## - MAIN ENTRY--PERSONAL NAME | |
| 9 (RLIN) | 1992 |
| Personal name | Shakespeare, William |
| 245 ## - TITLE STATEMENT | |
| Title | Othello: |
| Remainder of title | Authoritative Text Sources and Contexts Criticism/ |
| Statement of responsibility, etc. | William Shakespeare |
| 250 ## - EDITION STATEMENT | |
| Edition statement | 1st Edn |
| 260 ## - PUBLICATION, DISTRIBUTION, ETC. (IMPRINT) | |
| Place of publication, distribution, etc. | New York: |
| Name of publisher, distributor, etc. | W. W. Norton & Company |
| Date of publication, distribution, etc. | c2004 |
| 300 ## - PHYSICAL DESCRIPTION | |
| Extent | xvii, 407 p.: |
| Dimensions | 21 cm. |
| 440 ## - SERIES STATEMENT/ADDED ENTRY--TITLE | |
| 9 (RLIN) | 4237 |
| Title | A Norton Critical Edition. |
| 505 ## - FORMATTED CONTENTS NOTE | |
| Formatted contents note | Othello, William Shakespeare |
| 650 #0 - SUBJECT ADDED ENTRY--TOPICAL TERM | |
| 9 (RLIN) | 1994 |
| Topical term or geographic name as entry element | English Literature |
| 700 ## - ADDED ENTRY--PERSONAL NAME | |
| 9 (RLIN) | 4807 |
| Personal name | Pechter, Edward |
| 856 ## - ELECTRONIC LOCATION AND ACCESS | |
| Password | 0 |
| Logon | 0 |
| Link text | Download |
| 942 ## - ADDED ENTRY ELEMENTS (KOHA) | |
| Source of classification or shelving scheme | |
| Koha item type | Books |
| Withdrawn status | Lost status | Source of classification or shelving scheme | Damaged status | Not for loan | Collection code | Permanent location | Current location | Shelving location | Date acquired | Source of acquisition | Inventory number | Total Checkouts | Full call number | Barcode | Date last seen | Copy number | Price effective from | Koha item type | Date last checked out |
|---|---|---|---|---|---|---|---|---|---|---|---|---|---|---|---|---|---|---|---|
| Fiction | Bangladesh University of Business and Technology Library | Bangladesh University of Business and Technology Library | English Literature Stacks | 07/19/2011 | Purchase | 10648 | 822.3'3/ Sh152o/ 2004 | BUBTL-200310648 | 11/01/2022 | C-1 | 11/01/2022 | Books | |||||||
| Not For Loan | Fiction | Bangladesh University of Business and Technology Library | Bangladesh University of Business and Technology Library | English Literature Stacks | 07/19/2011 | Purchase | 10649 | 822.3'3/ Sh152o/ 2004 | BUBTL-200310649 | 11/01/2022 | C-2 | 11/01/2022 | Books | ||||||
| Fiction | Bangladesh University of Business and Technology Library | Bangladesh University of Business and Technology Library | English Literature Stacks | 07/19/2011 | Purchase | 10650 | 822.3'3/ Sh152o/ 2004 | BUBTL-200310650 | 11/01/2022 | C-3 | 11/01/2022 | Books | |||||||
| Not For Loan | Fiction | Bangladesh University of Business and Technology Library | Bangladesh University of Business and Technology Library | English Literature Stacks | 07/19/2011 | Purchase | 10651 | 822.3'3/ Sh152o/ 2004 | BUBTL-200310651 | 11/01/2022 | C-4 | 11/01/2022 | Books | ||||||
| Fiction | Bangladesh University of Business and Technology Library | Bangladesh University of Business and Technology Library | English Literature Stacks | 09/14/2011 | Purchase | 11857 | 2 | 822.3'3/ Sh152o/ 2004 | BUBTL-200311857 | 01/23/2024 | C-5 | 11/01/2022 | Books | 01/14/2024 |
